[Event "Sparkassen-Open A"]
[Site "Heusenstamm, Martinsee"]
[Date "2017.11.25"]
[Round "4.68"]
[White "Bayer, Martin"]
[Black "Schulze, Lara"]
[Result "0-1"]
[WhiteElo "1760"]
[BlackElo "1988"]
[PlyCount "86"]
[EventDate "2017.??.??"]
[WhiteTeam "SK Gründau"]
[BlackTeam "SK Lehrte"]

1. e4 c5 2. Nf3 d6 3. d4 cxd4 4. Nxd4 Nf6 5. Nc3 Nc6 6. Be2 e5 7. Ndb5 a6 8.
Na3 b5 9. Nab1 Be7 10. Be3 O-O 11. f3 Be6 12. O-O Na5 13. b3 d5 14. exd5 Nxd5
15. Nxd5 Qxd5 16. Qxd5 Bxd5 17. Nc3 Be6 18. Ne4 Rfc8 19. Bd3 f5 20. Nf2 Nc6 21.
c3 Bf6 22. Rac1 Ne7 23. Rc2 h6 24. Rfc1 Nd5 25. Bd2 Nb6 26. Nd1 Be7 27. Ne3 g6
28. Re1 Rd8 29. Bf1 Bc5 30. Kh1 Kf7 31. Nd1 Kf6 32. h4 g5 33. hxg5+ hxg5 34.
Be3 Rxd1 35. Rxd1 Rh8+ 36. Kg1 Bxe3+ 37. Rf2 Bxf2+ 38. Kxf2 Ke7 39. Ke3 Nd5+
40. Kd2 Rd8 41. Ra1 Nf4+ 42. Kc2 Rc8 43. Kb2 Nd5 0-1

[Event "Sparkassen-Open A"]
[Site "Heusenstamm, Martinsee"]
[Date "2017.11.25"]
[Round "4.69"]
[White "Schröder, Jürgen"]
[Black "Poschadel, Andreas Gregor"]
[Result "1-0"]
[WhiteElo "2116"]
[BlackElo "1477"]
[PlyCount "81"]
[EventDate "2017.??.??"]
[WhiteTeam "SC Matt im Park"]
[BlackTeam "Hamelner SV"]

1. e4 e5 2. Bc4 Nc6 3. Nc3 Nf6 4. d3 h6 5. f4 d6 6. Nf3 Be7 7. O-O O-O 8. f5
Na5 9. Bb3 Nxb3 10. axb3 c6 11. h3 b5 12. g4 Nh7 13. Be3 a6 14. Qd2 Bg5 15.
Nxg5 hxg5 16. Kg2 f6 17. Qf2 Kf7 18. h4 Ke8 19. Rh1 Rg8 20. hxg5 Nf8 21. g6 Bb7
22. Ne2 Nd7 23. Ng3 Qe7 24. Nh5 Kd8 25. g5 d5 26. gxf6 gxf6 27. Bb6+ Kc8 28.
Ng3 Nf8 29. Bc5 Qe8 30. Bxf8 Qxf8 31. Rh7 c5 32. Rah1 Kb8 33. Rf7 Qd6 34. Rhh7
Ra7 35. Qe3 dxe4 36. dxe4 Qd1 37. Qxc5 Qd2+ 38. Qf2 Qf4 39. Qb6 Qd2+ 40. Kh3
Qxc2 41. Rxb7+ 1-0

[Event "Sparkassen-Open A"]
[Site "Heusenstamm, Martinsee"]
[Date "2017.11.25"]
[Round "4.70"]
[White "Wolff, Peter"]
[Black "Meiser, Markus"]
[Result "0-1"]
[WhiteElo "1906"]
[BlackElo "2117"]
[PlyCount "72"]
[EventDate "2017.??.??"]
[WhiteTeam "VSG Offenbach"]
[BlackTeam "Sges Bensheim"]

1. c4 c6 2. g3 d5 3. Nf3 Nf6 4. Bg2 g6 5. O-O Bg7 6. d3 O-O 7. Qc2 Na6 8. a3
dxc4 9. Qxc4 Be6 10. Qc2 Qc8 11. b3 Bh3 12. Bb2 Bxg2 13. Kxg2 b6 14. Nbd2 c5
15. Rac1 Qb7 16. Kg1 Rfd8 17. Nc4 Nc7 18. Qd2 Ne6 19. Nce5 Ne4 20. Qe3 Nd6 21.
g4 Qd5 22. b4 Rac8 23. bxc5 bxc5 24. Nc4 Bd4 25. Qh6 Bxb2 26. Nxb2 Nd4 27. Nxd4
Qxd4 28. Nc4 Qxg4+ 29. Kh1 Qxe2 30. f4 Nf5 31. Qg5 h6 32. Qg1 Qxd3 33. Ne5 Qe4+
34. Nf3 Rd3 35. Rxc5 Rxc5 36. Qxc5 Rxf3 0-1

[Event "Sparkassen-Open A"]
[Site "Heusenstamm, Martinsee"]
[Date "2017.11.25"]
[Round "4.71"]
[White "Thomele, Michael"]
[Black "Müdder, Rafael"]
[Result "1/2-1/2"]
[WhiteElo "1901"]
[BlackElo "2067"]
[PlyCount "65"]
[EventDate "2017.??.??"]
[WhiteTeam "SC Obernau"]
[BlackTeam "SG Solingen"]

1. e4 c5 2. Nf3 Nc6 3. d4 cxd4 4. Nxd4 e5 5. Nb3 Nf6 6. Nc3 Bb4 7. Bd3 d5 8.
exd5 Nxd5 9. Bd2 Nxc3 10. bxc3 Bd6 11. Qh5 g6 12. Qh6 Bf8 13. Qe3 Bg7 14. O-O
O-O 15. Rad1 Be6 16. Nc5 Qe7 17. Nxe6 Qxe6 18. Rb1 b6 19. a3 f5 20. Qe2 Qe7 21.
a4 Rac8 22. Bc4+ Kh8 23. Bd5 Qd7 24. c4 Nd4 25. Qd1 Qxa4 26. Ra1 Qd7 27. Ra6
Rc7 28. f4 Qc8 29. Ra3 Rd8 30. fxe5 Rxc4 31. Bxc4 Qxc4 32. Rd3 Bxe5 33. Bg5
1/2-1/2

[Event "Sparkassen-Open A"]
[Site "Heusenstamm, Martinsee"]
[Date "2017.11.25"]
[Round "4.72"]
[White "Eichner, Christian"]
[Black "Marchese, Gaspare"]
[Result "1-0"]
[WhiteElo "2064"]
[BlackElo "1899"]
[PlyCount "55"]
[EventDate "2017.??.??"]
[WhiteTeam "SV TuR Dresden"]
[BlackTeam "SC Matt im Park"]

1. e4 e6 2. d4 d5 3. Nd2 Nf6 4. e5 Nfd7 5. Bd3 c5 6. c3 Nc6 7. Ngf3 a5 8. O-O
a4 9. Re1 a3 10. c4 Nb6 11. dxc5 Bxc5 12. cxd5 Nxd5 13. Ne4 Be7 14. bxa3 Qa5
15. Nd6+ Bxd6 16. exd6 O-O 17. Bb2 Nf4 18. Ne5 Nxe5 19. Rxe5 Qd8 20. Rc1 Bd7
21. Be4 Qb6 22. Qd2 Ra4 23. Bc2 Ng6 24. Bxa4 Nxe5 25. Bxd7 Nxd7 26. Qd4 f6 27.
Rc7 Rd8 28. Rxd7 1-0

[Event "Sparkassen-Open A"]
[Site "Heusenstamm, Martinsee"]
[Date "2017.11.25"]
[Round "4.73"]
[White "Hinrichs, Paul"]
[Black "Pfeffer, Marko"]
[Result "0-1"]
[WhiteElo "1844"]
[BlackElo "2039"]
[PlyCount "68"]
[EventDate "2017.??.??"]
[WhiteTeam "SK Bingen"]
[BlackTeam "SC Bergen-Enkheim"]

1. d4 d6 2. c4 f5 3. Nf3 Nf6 4. Nc3 e6 5. h3 Be7 6. Bf4 O-O 7. e3 b6 8. Bd3 Bb7
9. Qc2 c5 10. Ng5 Bc8 11. O-O-O h6 12. Nf3 cxd4 13. exd4 Nc6 14. a3 Bd7 15. d5
Na5 16. b4 Nb7 17. dxe6 Bxe6 18. Nd4 Bd7 19. g4 a5 20. Kb2 axb4 21. axb4 d5 22.
Qb3 Ne4 23. Bxe4 fxe4 24. Nxd5 Ba4 25. Qe3 Bf6 26. Rd2 Nc5 27. Bc7 Qc8 28. Bxb6
Nd3+ 29. Rxd3 exd3 30. Qxd3 Bc6 31. Qe4 Kh8 32. Kb3 Qa6 33. Bc5 Rae8 34. Ne6
Rxe6 0-1

[Event "Sparkassen-Open A"]
[Site "Heusenstamm, Martinsee"]
[Date "2017.11.25"]
[Round "4.74"]
[White "Launert, Martin"]
[Black "Kuhn, Gerhard"]
[Result "0-1"]
[WhiteElo "1879"]
[BlackElo "2035"]
[PlyCount "116"]
[EventDate "2017.??.??"]
[WhiteTeam "Sfr. Erbach"]
[BlackTeam "SK Marburg"]

1. e4 c6 2. d4 d5 3. Nc3 dxe4 4. Nxe4 Bf5 5. Ng3 Bg6 6. h4 h6 7. h5 Bh7 8. Nf3
Nd7 9. Bd3 Bxd3 10. Qxd3 e6 11. Bd2 Ngf6 12. Qe2 Qc7 13. O-O-O Bd6 14. Nf5 Rg8
15. Nxd6+ Qxd6 16. g3 Qd5 17. Kb1 Qe4 18. Be3 O-O-O 19. Nd2 Qg4 20. Qc4 Nb6 21.
Qc5 Nfd5 22. Qa3 Nxe3 23. fxe3 a6 24. Rdg1 Rd5 25. Rh4 Qe2 26. Qd3 Qxd3 27.
cxd3 Rf5 28. Rf1 Rxf1+ 29. Nxf1 Nd5 30. a3 g5 31. hxg6 Rxg6 32. e4 Ne7 33. Kc2
Kd7 34. Kd2 Ng8 35. Ke3 Rg5 36. Rf4 Ke8 37. Rf2 Ke7 38. Kf3 f5 39. Ke3 Nf6 40.
Rc2 Rg4 41. Rh2 fxe4 42. Rxh6 Rg7 43. Rh4 exd3 44. Kxd3 Kd6 45. Rf4 Nd5 46. Rf8
Ne7 47. Rf3 Nf5 48. Ke4 Rg4+ 49. Kd3 Rxd4+ 50. Kc3 c5 51. Nd2 b5 52. b4 Rg4 53.
Rd3+ Kc6 54. bxc5 Kxc5 55. Nf1 Ra4 56. Kb2 Nd6 57. Ne3 Re4 58. g4 Rxe3 0-1

[Event "Sparkassen-Open A"]
[Site "Heusenstamm, Martinsee"]
[Date "2017.11.25"]
[Round "4.75"]
[White "Mager, Thomas"]
[Black "Krastev, Alexander"]
[Result "1/2-1/2"]
[WhiteElo "1863"]
[BlackElo "2027"]
[PlyCount "86"]
[EventDate "2017.??.??"]
[WhiteTeam "vereinslos"]
[BlackTeam "Biebertaler SF"]

1. c4 c5 2. g3 g6 3. Bg2 Bg7 4. Nc3 Nc6 5. Nf3 e6 6. O-O Nge7 7. d3 O-O 8. Bg5
h6 9. Bf4 d5 10. cxd5 Nxd5 11. Nxd5 exd5 12. Qb3 b6 13. Bd2 Bb7 14. a4 a5 15.
e3 Nb4 16. Bxb4 axb4 17. d4 Qe7 18. Qc2 Rfc8 19. Qd2 Ra5 20. Rfc1 c4 21. b3 c3
22. Qd1 Rca8 23. Ne1 Qe8 24. Nd3 Bf8 25. Nf4 Bd6 26. Qg4 Kh7 27. h4 Bxf4 28.
exf4 Bc8 29. Qf3 Bf5 30. Re1 Qd7 31. Re5 Be4 32. Qe3 f6 33. Rxe4 dxe4 34. Qxe4
Re8 35. Qd3 h5 36. Bf3 f5 37. Qc4 Rc8 38. Qxb4 c2 39. Rc1 Qc7 40. Be2 Qc3 41.
Qe7+ Kh6 42. Qg5+ Kh7 43. Qe7+ Kh6 1/2-1/2

[Event "Sparkassen-Open A"]
[Site "Heusenstamm, Martinsee"]
[Date "2017.11.25"]
[Round "4.76"]
[White "Haack, Kevin"]
[Black "Trumpp, Lothar"]
[Result "0-1"]
[WhiteElo "1859"]
[BlackElo "2021"]
[PlyCount "64"]
[EventDate "2017.??.??"]
[WhiteTeam "SC Bad Soden"]
[BlackTeam "VSG Offenbach"]

1. c4 g6 2. d4 Bg7 3. e3 d6 4. Nc3 Nf6 5. Bd3 O-O 6. Nf3 Nbd7 7. O-O e5 8. dxe5
dxe5 9. e4 c6 10. b3 Re8 11. Ba3 Qa5 12. Qc1 Nc5 13. Bb1 Ne6 14. Bd6 Nd4 15. b4
Qd8 16. c5 Nxf3+ 17. gxf3 Nh5 18. Ne2 Qh4 19. Ng3 Nf4 20. Kh1 Qh3 21. Rg1 Ne2
22. Qg5 Nxg1 23. Kxg1 h5 24. Bd3 Qe6 25. Bc2 Qf6 26. Qe3 Kh7 27. Rd1 Bh6 28.
Qb3 Bh3 29. Bc7 h4 30. Rd6 Re6 31. Ne2 Qg5+ 32. Ng3 hxg3 0-1

[Event "Sparkassen-Open A"]
[Site "Heusenstamm, Martinsee"]
[Date "2017.11.25"]
[Round "4.77"]
[White "Seehaus, Bernhard"]
[Black "Laux, Dominik"]
[Result "1-0"]
[WhiteElo "2008"]
[BlackElo "1888"]
[PlyCount "51"]
[EventDate "2017.??.??"]
[WhiteTeam "Schachforum Darmstadt"]
[BlackTeam "VSG Offenbach"]

1. Nc3 d5 2. e4 d4 3. Nce2 e5 4. Ng3 Be6 5. b3 c6 6. Nf3 f6 7. Bc4 Bxc4 8. bxc4
Qb6 9. O-O Nd7 10. d3 Ne7 11. a4 Nc5 12. Bd2 Ng6 13. a5 Qc7 14. Nf5 Ne7 15.
Nxe7 Bxe7 16. Nh4 g6 17. f4 f5 18. Nf3 fxe4 19. dxe4 Nxe4 20. Nxe5 Nxd2 21.
Qxd2 c5 22. a6 b6 23. Qd3 Bf6 24. Ng4 Bg7 25. Rae1+ Kd7 26. f5 1-0

[Event "Sparkassen-Open A"]
[Site "Heusenstamm, Martinsee"]
[Date "2017.11.25"]
[Round "4.78"]
[White "Rettig, Helge"]
[Black "Reinecke, Katharina"]
[Result "1/2-1/2"]
[WhiteElo "2005"]
[BlackElo "1888"]
[PlyCount "70"]
[EventDate "2017.??.??"]
[WhiteTeam "SF Verl"]
[BlackTeam "SK Langen"]

1. d4 d5 2. c4 c6 3. Nf3 Nf6 4. Nc3 dxc4 5. a4 Bf5 6. Ne5 Nbd7 7. Nxc4 Nb6 8.
Ne5 e6 9. f3 h6 10. e4 Bh7 11. Be3 Be7 12. a5 Nbd7 13. Nxd7 Nxd7 14. a6 b6 15.
Be2 Bh4+ 16. g3 Be7 17. O-O h5 18. f4 h4 19. g4 Rc8 20. Bf3 Nf6 21. Qe2 Qc7 22.
g5 Nd7 23. Rac1 Qb8 24. Bg4 Rd8 25. f5 exf5 26. Bf4 Bd6 27. exf5+ Kf8 28. Qd2
f6 29. g6 Bg8 30. Ne2 c5 31. d5 Ne5 32. Bxe5 Bxe5 33. Bf3 Bxh2+ 34. Kh1 Be5 35.
b4 Bd6 1/2-1/2

[Event "Sparkassen-Open A"]
[Site "Heusenstamm, Martinsee"]
[Date "2017.11.25"]
[Round "4.79"]
[White "Mao, Yvonne"]
[Black "Englert, Jon"]
[Result "1/2-1/2"]
[WhiteElo "1856"]
[BlackElo "2002"]
[PlyCount "76"]
[EventDate "2017.??.??"]
[WhiteTeam "SK Gernsheim"]
[BlackTeam "TV-Großostheim"]

1. e4 c5 2. Nf3 d6 3. c4 Nf6 4. Nc3 g6 5. d4 cxd4 6. Nxd4 Bg7 7. Be2 Nbd7 8.
O-O O-O 9. Be3 a6 10. Qd2 b6 11. Nc6 Qe8 12. Nd5 Nxd5 13. cxd5 Nc5 14. f3 Bb7
15. b4 Nd7 16. Rac1 Rc8 17. b5 a5 18. Rc2 Nc5 19. Rb1 Qd7 20. Bc4 Rc7 21. Bd4
Bxd4+ 22. Qxd4 f6 23. f4 h5 24. e5 Qf5 25. Rbc1 Bc8 26. Re2 Qg4 27. h3 Qh4 28.
exd6 exd6 29. Ne7+ Kh7 30. Nc6 Kg7 31. Rce1 Rff7 32. Nd8 Rfd7 33. Ne6+ Nxe6 34.
dxe6 Re7 35. Qxd6 f5 36. Qe5+ Qf6 37. Qxf6+ Kxf6 38. Bb3 Rc5 1/2-1/2

[Event "Sparkassen-Open A"]
[Site "Heusenstamm, Martinsee"]
[Date "2017.11.25"]
[Round "4.80"]
[White "Wachsmann, Dietmar"]
[Black "Thomas, Tobias"]
[Result "1-0"]
[WhiteElo "1999"]
[BlackElo "1879"]
[PlyCount "91"]
[EventDate "2017.??.??"]
[WhiteTeam "SC Groß-Umstadt"]
[BlackTeam "SK Langen"]

1. e4 c5 2. Nf3 Nc6 3. d4 cxd4 4. Nxd4 e5 5. Nb5 d6 6. N1c3 a6 7. Na3 b5 8. Nd5
Nf6 9. Bg5 Be7 10. Bxf6 Bxf6 11. c3 O-O 12. Nc2 Bg5 13. Bd3 Ne7 14. Nce3 Bxe3
15. Nxe3 Be6 16. Qh5 g6 17. Qh4 f5 18. exf5 Nxf5 19. Qe4 Nxe3 20. Qxe3 Qf6 21.
O-O Qf4 22. Rfe1 Rab8 23. g3 Qxe3 24. Rxe3 Rf6 25. Kg2 Kf7 26. b4 Rc8 27. Bc2
Ke7 28. a4 Bd5+ 29. Kg1 Rf3 30. Rxf3 Bxf3 31. Ra3 Rc7 32. axb5 axb5 33. Bd3 Bc6
34. Kf1 Ke6 35. Ke1 d5 36. Ra6 Kd7 37. Kd2 Kc8 38. Rb6 Kd7 39. Bxb5 Bxb5 40.
Rxb5 Kd6 41. Rb6+ Kd7 42. Ra6 Ke7 43. Kd3 Kd7 44. h4 Ke7 45. h5 g5 46. Rh6 1-0

[Event "Sparkassen-Open A"]
[Site "Heusenstamm, Martinsee"]
[Date "2017.11.25"]
[Round "4.81"]
[White "Perske, Paul"]
[Black "Altenbernd, Dirk"]
[Result "1-0"]
[WhiteElo "1968"]
[BlackElo "1875"]
[PlyCount "55"]
[EventDate "2017.??.??"]
[WhiteTeam "Vorw.Orient Mainz"]
[BlackTeam "SK Tönsberg Oerlinghausen"]

1. e4 c6 2. c4 g6 3. d4 Bg7 4. Nc3 d6 5. Be3 e5 6. Nf3 Nd7 7. Be2 Ngf6 8. Nd2
O-O 9. d5 Ne8 10. g4 Bf6 11. Nf3 Be7 12. h4 f6 13. Qc2 Rf7 14. O-O-O Nf8 15.
Rdg1 c5 16. g5 f5 17. exf5 Bxf5 18. Ne4 a6 19. Bd3 Kh8 20. h5 b5 21. Nh4 bxc4
22. Qxc4 Ng7 23. hxg6 Nxg6 24. Nxg6+ Bxg6 25. Nf6 Nf5 26. Qc2 Qc8 27. Rh6 Nxh6
28. Bxg6 1-0

[Event "Sparkassen-Open A"]
[Site "Heusenstamm, Martinsee"]
[Date "2017.11.25"]
[Round "4.82"]
[White "Angermünde, Dirk"]
[Black "Engel, Jan"]
[Result "1/2-1/2"]
[WhiteElo "1989"]
[BlackElo "1830"]
[PlyCount "86"]
[EventDate "2017.??.??"]
[WhiteTeam "SF Gerresheim"]
[BlackTeam "Frankfurter TV"]

1. e4 c5 2. c3 Nf6 3. e5 Nd5 4. d4 cxd4 5. cxd4 Nc6 6. Nc3 Nb6 7. f4 d5 8. Nf3
Bg4 9. Be3 e6 10. Rc1 a6 11. Be2 Bxf3 12. Bxf3 Nc4 13. Qe2 Rc8 14. O-O Nxe3 15.
Qxe3 Nxd4 16. Kh1 Nxf3 17. Qxf3 g6 18. Ne2 h5 19. Qb3 Rxc1 20. Rxc1 b5 21. Rc6
Be7 22. Rxa6 d4 23. Qxb5+ Kf8 24. Qd3 Kg7 25. Ra4 Qb6 26. b3 Rd8 27. h3 Bc5 28.
Ng3 Bb4 29. Ne4 h4 30. a3 Bc3 31. b4 Rc8 32. Ra6 Qc7 33. Nc5 Kh7 34. Rd6 Rd8
35. Rxd8 Qxd8 36. Ne4 Qa8 37. Ng5+ Kg7 38. f5 gxf5 39. Qe2 Qxa3 40. Qh5 Qc1+
41. Kh2 Qf4+ 42. Kh1 Qf1+ 43. Kh2 Qf4+ 1/2-1/2

[Event "Sparkassen-Open A"]
[Site "Heusenstamm, Martinsee"]
[Date "2017.11.25"]
[Round "4.83"]
[White "Rothermel, Tim"]
[Black "Skarke, Harald"]
[Result "0-1"]
[WhiteElo "1756"]
[BlackElo "1988"]
[PlyCount "102"]
[EventDate "2017.??.??"]
[WhiteTeam "SK Langen"]
[BlackTeam "SF Neuberg"]

1. Nf3 c5 2. g3 b6 3. Bg2 Bb7 4. O-O g6 5. c4 Bg7 6. Nc3 Nf6 7. d3 O-O 8. Bg5
h6 9. Bd2 d6 10. a3 Nc6 11. Rb1 Nd4 12. e4 Nd7 13. Nxd4 cxd4 14. Ne2 e5 15. f4
f5 16. b4 fxe4 17. dxe4 Rc8 18. Qb3 Kh7 19. Qd3 Nf6 20. h3 Rc7 21. g4 Qa8 22.
Ng3 Rcf7 23. g5 hxg5 24. f5 gxf5 25. Rxf5 g4 26. Rbf1 Bc8 27. hxg4 Bxf5 28.
exf5 d5 29. cxd5 Nxg4 30. f6+ Kh8 31. fxg7+ Rxg7 32. Rf5 Qc8 33. Rh5+ Kg8 34.
Nf5 e4 35. Qxe4 Nf6 36. Nh6+ Kh8 37. Ng4+ Kg8 38. Nxf6+ Rxf6 39. Qh4 Qg4 40.
Rh8+ Kf7 41. Rf8+ Kxf8 42. Qxf6+ Ke8 43. Qf1 d3 44. Qf2 Re7 45. Qf3 Qg6 46. d6
Qxd6 47. Qa8+ Kf7 48. Bd5+ Kg6 49. Qg8+ Rg7 50. Qe6+ Qxe6 51. Bxe6 Kf6+ 0-1

[Event "Sparkassen-Open A"]
[Site "Heusenstamm, Martinsee"]
[Date "2017.11.25"]
[Round "4.84"]
[White "Deutsch, Christoph"]
[Black "Zimmer, Gerald"]
[Result "0-1"]
[WhiteElo "1788"]
[BlackElo "1982"]
[PlyCount "70"]
[EventDate "2017.??.??"]
[WhiteTeam "SK Gründau"]
[BlackTeam "SC Bergen-Enkheim"]

1. e4 e6 2. d4 d5 3. exd5 exd5 4. Nf3 Bg4 5. h3 Bh5 6. Qe2+ Qe7 7. Be3 Nf6 8.
Nc3 c6 9. g4 Bg6 10. Ne5 Nbd7 11. Bg2 Qb4 12. Bd2 O-O-O 13. O-O-O Qa5 14. f4
Nxe5 15. dxe5 d4 16. exf6 Bxc2 17. Rde1 gxf6 18. Be4 d3 19. Qf3 Bb4 20. Re3 Bc5
21. Ree1 Bb4 22. Re3 Bc5 23. Bf5+ Kb8 24. Ree1 h6 25. Re4 Bb4 26. Rf1 h5 27.
Qg3 Rd5 28. Re3 Rhd8 29. Ree1 Rc5 30. Re3 Bxc3 31. Bxc3 Rxc3 32. bxc3 Qxc3 33.
Rd1 d2+ 34. Rxd2 Qxd2+ 35. Kb2 Bxf5+ 0-1

[Event "Sparkassen-Open A"]
[Site "Heusenstamm, Martinsee"]
[Date "2017.11.25"]
[Round "4.86"]
[White "Schmitt, Carsten"]
[Black "Weiland, Thomas"]
[Result "1/2-1/2"]
[WhiteElo "1962"]
[BlackElo "1787"]
[PlyCount "37"]
[EventDate "2017.??.??"]
[WhiteTeam "SV Bergwinkel"]
[BlackTeam "SV Oberursel"]

1. c4 f5 2. g3 Nf6 3. Bg2 g6 4. Nc3 Bg7 5. d3 c6 6. e3 d6 7. Nge2 e5 8. O-O O-O
9. f4 Na6 10. h3 Nc7 11. e4 Re8 12. Rb1 Be6 13. b3 Qd7 14. Kh2 Rad8 15. Bb2 Kh8
16. Qc2 Nh5 17. Rbd1 Qe7 18. Na4 Rg8 19. Nac3 1/2-1/2

[Event "Sparkassen-Open A"]
[Site "Heusenstamm, Martinsee"]
[Date "2017.11.25"]
[Round "4.87"]
[White "Degenhardt, Andreas"]
[Black "Wolff, Michael"]
[Result "1/2-1/2"]
[WhiteElo "1775"]
[BlackElo "1951"]
[PlyCount "91"]
[EventDate "2017.??.??"]
[WhiteTeam "SC Lorsch"]
[BlackTeam "Ford SF Köln"]

1. d4 Nf6 2. Nf3 g6 3. Nbd2 Bg7 4. e4 O-O 5. c3 d6 6. Be2 Nbd7 7. Qc2 c5 8. O-O
Rb8 9. a4 b6 10. Re1 Qc7 11. Bd3 Nh5 12. g3 cxd4 13. Nxd4 Nc5 14. Bf1 Ne6 15.
Nb5 Qd7 16. Nf3 a6 17. Nbd4 Bb7 18. Qb1 Nc5 19. Qc2 e5 20. Nb3 Nxa4 21. Nbd2 b5
22. b3 Nc5 23. b4 Ne6 24. Bh3 Nd4 25. cxd4 Qxh3 26. d5 Rfc8 27. Qd3 Rc7 28. Bb2
Rbc8 29. Nb3 Rc2 30. Reb1 Bh6 31. Na5 Ba8 32. Nc6 Bxc6 33. Qxc2 Bd7 34. Qd1 Bg4
35. Ra3 Rc4 36. Bc1 Bxc1 37. Rxc1 Nf4 38. gxf4 Bxf3 39. Rxf3 Rxc1 40. Qxc1 Qxf3
41. fxe5 Qg4+ 42. Kf1 Qxe4 43. Qc8+ Kg7 44. exd6 Qh1+ 45. Ke2 Qe4+ 46. Kf1
1/2-1/2

[Event "Sparkassen-Open A"]
[Site "Heusenstamm, Martinsee"]
[Date "2017.11.25"]
[Round "4.88"]
[White "Pabel, Ralph"]
[Black "Wenzel, Calvin"]
[Result "1-0"]
[WhiteElo "1950"]
[BlackElo "1629"]
[PlyCount "93"]
[EventDate "2017.??.??"]
[WhiteTeam "SK Mainaschaff"]
[BlackTeam "SK Gernsheim"]

1. d4 Nf6 2. c4 e6 3. Nf3 c5 4. d5 exd5 5. cxd5 d6 6. Nc3 g6 7. e4 a6 8. a4 Bg4
9. Be2 Bxf3 10. Bxf3 Bg7 11. O-O O-O 12. Qc2 Nbd7 13. h3 Rb8 14. Be2 Ne8 15. f4
Nc7 16. a5 b5 17. axb6 Rxb6 18. Bd2 Nb5 19. Nxb5 axb5 20. Ba5 c4 21. Rad1 Nc5
22. Kh1 Nb3 23. Bxb6 Qxb6 24. Bg4 Ra8 25. f5 Be5 26. fxg6 hxg6 27. Rf3 Nd4 28.
Qf2 Qa7 29. Ra3 Qb7 30. Rxa8+ Qxa8 31. Rxd4 Bxd4 32. Qxd4 b4 33. Kh2 Qa2 34.
Bd1 c3 35. bxc3 b3 36. Qb4 b2 37. Bc2 Qa1 38. Qxd6 Qc1 39. Qb8+ Kg7 40. Qb3
Qf4+ 41. Kg1 Qc1+ 42. Kf2 Kf8 43. c4 Ke7 44. c5 g5 45. d6+ Kf6 46. Qd3 Ke6 47.
d7 1-0

[Event "Sparkassen-Open A"]
[Site "Heusenstamm, Martinsee"]
[Date "2017.11.25"]
[Round "4.89"]
[White "Bethke, Robert"]
[Black "Reichel, Günther"]
[Result "1-0"]
[WhiteElo "1929"]
[BlackElo "1740"]
[PlyCount "48"]
[EventDate "2017.??.??"]
[WhiteTeam "SF Neuberg"]
[BlackTeam "SC-SF Stockstadt"]

1. c4 c5 2. Nc3 Nc6 3. g3 g6 4. Bg2 Bg7 5. e3 Nf6 6. Nge2 O-O 7. O-O d6 8. d3
Bg4 9. h3 Bd7 10. a3 Rb8 11. Rb1 a5 12. Qc2 Na7 13. b3 b5 14. Bd2 b4 15. axb4
axb4 16. Nd1 Bc6 17. e4 Qc7 18. Ne3 Nc8 19. Nd5 Nxd5 20. exd5 Bb7 21. Be3 e6
22. d4 cxd4 23. Bxd4 e5 24. Bb2 Bxd5 1-0

[Event "Sparkassen-Open A"]
[Site "Heusenstamm, Martinsee"]
[Date "2017.11.25"]
[Round "4.90"]
[White "Kammerer, Utz"]
[Black "Foerster-Yialamas, Lucas"]
[Result "1/2-1/2"]
[WhiteElo "1719"]
[BlackElo "1825"]
[PlyCount "93"]
[EventDate "2017.??.??"]
[WhiteTeam "Heilbronner SV"]
[BlackTeam "SK Frankenthal"]

1. e4 c5 2. c4 Nc6 3. Nf3 e5 4. Nc3 g6 5. d3 h6 6. Be3 d6 7. h3 Bg7 8. Be2 Nge7
9. a3 O-O 10. Qd2 Kh7 11. Nh2 f5 12. f4 Nd4 13. Bd1 Nec6 14. O-O exf4 15. Bxf4
g5 16. Bg3 f4 17. Bf2 Na5 18. Bxd4 Bxd4+ 19. Kh1 Bg7 20. Rb1 Nc6 21. b4 Ne5 22.
Nd5 b6 23. b5 Bb7 24. Ng4 Bxd5 25. exd5 Ng6 26. Bf3 h5 27. Nh2 Nh4 28. Bxh5 Nf5
29. Rf3 Ng3+ 30. Rxg3 fxg3 31. Nf3 Kh6 32. Bg4 Rf4 33. Qe1 Be5 34. Nxe5 dxe5
35. Qxg3 a6 36. a4 axb5 37. axb5 Ra3 38. Re1 e4 39. Be2 Qe7 40. Qe3 Qd7 41. Kg1
exd3 42. Bxd3 Rf6 43. h4 Qg4 44. hxg5+ Qxg5 45. Qh3+ Qh5 46. Qe3+ Kg7 47. Qg3+
1/2-1/2

[Event "Sparkassen-Open A"]
[Site "Heusenstamm, Martinsee"]
[Date "2017.11.25"]
[Round "4.91"]
[White "Niedenthal, Robert"]
[Black "Kulenovic, Adnan"]
[Result "1/2-1/2"]
[WhiteElo "1717"]
[BlackElo "1927"]
[PlyCount "86"]
[EventDate "2017.??.??"]
[WhiteTeam "SV Hofheim"]
[BlackTeam "SV Kinzigtal"]

1. Nf3 Nf6 2. c4 e6 3. Nc3 c5 4. e4 Nc6 5. g3 d5 6. e5 Ng4 7. cxd5 exd5 8. Bb5
Be7 9. h3 Nh6 10. g4 O-O 11. d3 f6 12. Bxh6 gxh6 13. Nxd5 fxe5 14. O-O Kh8 15.
Bxc6 bxc6 16. Nxe7 Qxe7 17. Nd2 Qh4 18. Qe1 Qxh3 19. Qxe5+ Kg8 20. f3 Qh4 21.
Rae1 Bd7 22. Qh2 Qf6 23. Ne4 Qd4+ 24. Kh1 Be6 25. Qxh6 Bxa2 26. Ng5 Qg7 27.
Qxg7+ Kxg7 28. Ne6+ Bxe6 29. Rxe6 Rfd8 30. Rxc6 Rxd3 31. Rxc5 Rd2 32. b4 Rb2
33. b5 a5 34. bxa6 Rxa6 35. Rd1 Rh6+ 36. Rh5 Rxh5+ 37. gxh5 Rb5 38. Rd7+ Kh6
39. Kg2 Rxh5 40. Kg3 Rg5+ 41. Kf4 Ra5 42. Re7 Kg6 43. Re6+ Kf7 1/2-1/2

[Event "Sparkassen-Open A"]
[Site "Heusenstamm, Martinsee"]
[Date "2017.11.25"]
[Round "4.92"]
[White "Riemann, Jonas"]
[Black "Mehringer, Jörg"]
[Result "0-1"]
[WhiteElo "1717"]
[BlackElo "1927"]
[PlyCount "104"]
[EventDate "2017.??.??"]
[WhiteTeam "SK Bickenbach"]
[BlackTeam "Schachpinguine Berlin"]

1. e4 e5 2. Nf3 Nc6 3. Bc4 Nf6 4. d3 Bc5 5. Be3 Bb6 6. c3 d6 7. Bb3 O-O 8. O-O
Be6 9. Nbd2 Bxb3 10. Nxb3 Qd7 11. Qc2 Ng4 12. Bxb6 axb6 13. Nh4 Ne7 14. h3 Nh6
15. f4 f5 16. fxe5 dxe5 17. Nf3 Qe6 18. d4 exd4 19. Nfxd4 Qxe4 20. Qxe4 fxe4
21. Rfe1 Nd5 22. Rxe4 Rfe8 23. Rxe8+ Rxe8 24. Rf1 c5 25. Nc2 Nf7 26. c4 Nf6 27.
Nd2 Ne5 28. Re1 Rd8 29. Re2 Nd3 30. Nf3 Nxb2 31. Ne5 Re8 32. Kf1 Nd1 33. Ne3
Ne4 34. Nxd1 Ng3+ 35. Kf2 Nxe2 36. Kxe2 Rxe5+ 37. Kd2 Re4 38. Ne3 Kf7 39. Kd3
Rf4 40. Ke2 Ke6 41. g3 Rd4 42. a3 h5 43. Kf3 Rd3 44. Ke4 Rxa3 45. Nf5 g6 46.
Ne3 Rc3 47. Kf4 Rd3 48. Ke4 Rd4+ 49. Kf3 Ke5 50. h4 Rd3 51. Kf2 Ke4 52. Nf1 Kd4
0-1

[Event "Sparkassen-Open A"]
[Site "Heusenstamm, Martinsee"]
[Date "2017.11.25"]
[Round "4.93"]
[White "Iliev, Mustafa Batuhan"]
[Black "Heun, Andreas"]
[Result "1-0"]
[WhiteElo "1808"]
[BlackElo "1713"]
[PlyCount "51"]
[EventDate "2017.??.??"]
[WhiteTeam "SV Großauheim"]
[BlackTeam "SC Ladja Roßdorf"]

1. e4 d5 2. exd5 Nf6 3. d4 Qxd5 4. Nf3 c6 5. Be2 Bg4 6. O-O e6 7. h3 Bf5 8. Be3
Be7 9. Ne5 Nbd7 10. c4 Qa5 11. f4 Nxe5 12. fxe5 Ne4 13. Bf3 Ng3 14. Re1 Bh4 15.
Bf2 Qd8 16. Nc3 Qg5 17. Qc1 Qg6 18. Qf4 Ne2+ 19. Rxe2 Bg5 20. Qg3 Bd3 21. Be4
Bxe4 22. Nxe4 Qh5 23. Qf3 Qg6 24. Nd6+ Ke7 25. h4 h6 26. h5 1-0

[Event "Sparkassen-Open A"]
[Site "Heusenstamm, Martinsee"]
[Date "2017.11.25"]
[Round "4.94"]
[White "Wüstehube, Harry"]
[Black "Stolle, Hendrik"]
[Result "1-0"]
[WhiteElo "1923"]
[BlackElo "1578"]
[PlyCount "53"]
[EventDate "2017.??.??"]
[WhiteTeam "Kasseler SK"]
[BlackTeam "TG Biberach"]

1. e4 g6 2. d4 Bg7 3. Nc3 c6 4. Be3 d5 5. e5 Nh6 6. f4 O-O 7. Nf3 Bg4 8. h3
Bxf3 9. Qxf3 Nf5 10. Bf2 f6 11. g4 Nh6 12. e6 Na6 13. f5 gxf5 14. gxf5 Kh8 15.
O-O-O Nc7 16. Bd3 Ne8 17. Ne2 Nd6 18. Ng3 Nc4 19. Nh5 Qa5 20. a3 b5 21. Be1 Qb6
22. Bb4 Qc7 23. b3 a5 24. Bc5 Nd6 25. Qf4 Qd8 26. Nxg7 Kxg7 27. Rhg1+ 1-0